00941nam a2200229 a 450000100060000000300090000600800410001502000180005604000280007408200170010210000260011924500160014526000280016130000090018950501490019865000220034765000300036994200120039999900170041195201520042895201310058023047CO-ViMGA141112s2004 ck r 000 u spa d a9788434222199 aCO-ViMGAbspacCO-ViMGA04a684.12 G413t1 aGibert, Vicenc93314510aTapicerìa aEspaña : bParramòn a64p. aLa iniciacion, Analisis del material y sus derivados, La base del tapizado, Cinchas, Muelles, Reparaciones, La practica, Silla, Sillòn, Sofà14aTAPICERIA 95071414aTRABAJOS EN MADERA950715 2ddccBK c31328d31328 00102ddc40708002aMEVIECARbMEVIECARd2015-12-04hVolumen. 1 | 16/nov/2009l0o684.12 G413t p23047r2015-12-04 00:00:00tEj. 1w2015-12-04yBK 00102ddc40708GENaMECASARIbMECASARIcGENd2024-11-10l0o747.5 G34tpBM0001580r2024-11-10 09:03:13tEj.1w2024-11-10yBK